000
00307nam a2200133Ia 4500
008
231129s1972||||xx |||||||||||||| ||spa||
040
_b
spa
082
_a
371.01 F862
100
_a
Freinet Célestin
245
0
_a
Por una escuela del pueblo
260
_c
1972
264
_a
Fontanella
942
_2
ddc
_c
BKS
999
_c
23080
_d
23080